Rhymes with 'Norse' (Blitz) Quiz Stats

Quiz Updated Oct 18, 2017

Challenge
Share
Tweet
Embed
Score 0/13 Timer 01:00
1 Play Today
% Correct
Divorce
88.2%
Course
86.4%
Remorse
85.7%
Outsource
84.3%
Force
83.5%
Source
83.3%
Endorse
83.2%
Coarse
80.4%
Enforce
80.4%
Hoarse
77.2%
Reinforce
75.1%
Bourse
61.7%
Horse
59.9%

You're not logged in!

Compare scores with friends on all Sporcle quizzes.
Join for Free
OR
Log In

You Might Also Like...

Show Comments

Extras

Top Quizzes Today


Score Distribution

Your Account Isn't Verified!

In order to create a playlist on Sporcle, you need to verify the email address you used during registration. Go to your Sporcle Settings to finish the process.

Report this User

Report this user for behavior that violates our Community Guidelines.

Details: